Minecraft Mobs Without a Grid - Statistics

General Stats
  • This quiz has been taken 27 times
  • The average score is 47 of 80
Answer Stats
Type Mob % Correct
Hostile Zombie
83%
Tameable Cat
78%
Passive Chicken
78%
Hostile Creeper
78%
Passive Pig
78%
Neutral Piglin
78%
Hostile Skeleton
78%
Passive Villager
78%
Passive Camel
74%
Hostile Ghast
74%
Utility Iron Golem
74%
Passive Ocelot
74%
Tameable Parrot
74%
Tameable Wolf
74%
Passive Cow
70%
Tameable Horse
70%
Passive Sheep
70%
Hostile Witch
70%
Passive Cod
65%
Hostile Drowned
65%
Neutral Enderman
65%
Passive Frog
65%
Hostile Husk
65%
Hostile Pillager
65%
Utility Snow Golem
65%
Neutral Spider
65%
Hostile Stray
65%
Neutral Axolotl
61%
Hostile Blaze
61%
Hostile Breeze
61%
Neutral Cave Spider
61%
Boss Ender Dragon
61%
Passive Salmon
61%
Passive Tropical Fish
61%
Hostile Warden
61%
Boss Wither
61%
Neutral Zombified Piglin
61%
Hostile Bogged
57%
Neutral Dolphin
57%
Tameable Donkey
57%
Hostile Endermite
57%
Neutral Fox
57%
Tameable Llama
57%
Hostile Magma Cube
57%
Tameable Mule
57%
Hostile Piglin Brute
57%
Hostile Slime
57%
Passive Tadpole
57%
Hostile Vex
57%
Hostile Vindicator
57%
Hostile Wither Skeleton
57%
Passive Armadillo
52%
Passive Bat
52%
Hostile Evoker
52%
Neutral Goat
52%
Hostile Hoglin
52%
Passive Mooshroom
52%
Hostile Phantom
52%
Passive Pufferfish
52%
Passive Rabbit
52%
Hostile Ravager
52%
Hostile Shulker
52%
Passive Turtle
52%
Neutral Bee
48%
Neutral Polar Bear
48%
Passive Skeleton Horse
48%
Passive Sniffer
48%
Passive Strider
48%
Hostile Zoglin
48%
Hostile Zombie Villager
48%
Neutral Allay
43%
Hostile / Boss Elder Guardian
43%
Hostile Guardian
43%
Neutral Panda
43%
Hostile Silverfish
43%
Passive Wandering Trader
39%
Passive Glow Squid
35%
Passive Squid
35%
Neutral Trader Llama
35%
Hostile Skeleton Horseman
13%
No matching quizzes found
Score Distribution
Percent of People with Each Score
Percentile by Number Answered
Your Score History
You have not taken this quiz